Loading...
| Social Science | 0 | 7 | 0 | 4 | 70 | 86 | 120.57 | 3 | 7 | 0.00 | 0.00 |
| Science - Physics | 2 | 2 | 1 | 0 | 45 | 42 | 60.25 | 3 | 4 | 0.00 | 0.00 |
| Science - Chemistry | 1 | 3 | 2 | 0 | 35 | 32 | 98.00 | 2 | 4 | 0.00 | 0.00 |
| Science - Biology | 0 | 2 | 1 | 1 | 15 | 107 | 119.50 | 0 | 2 | 0.00 | 0.00 |
| Current Events | 1 | 0 | 0 | 0 | 15 | 58 | 58.00 | 1 | 1 | 0.00 | 0.00 |
| Fine Arts - Classical Music | 0 | 1 | 0 | 0 | 10 | 154 | 154.00 | 0 | 1 | 0.00 | 0.00 |
| History - Other | 0 | 1 | 0 | 0 | 10 | 91 | 91.00 | 1 | 1 | 0.00 | 0.00 |
| Science - Math | 0 | 1 | 0 | 0 | 10 | 135 | 135.00 | 1 | 1 | 0.00 | 0.00 |
| Philosophy | 0 | 1 | 0 | 0 | 10 | 106 | 106.00 | 1 | 1 | 0.00 | 0.00 |
| Fine Arts - Other | 0 | 1 | 1 | 0 | 5 | 128 | 128.00 | 1 | 1 | 0.00 | 0.00 |
| Science - Other | 0 | 0 | 2 | 0 | -10 | 0.00 | 0 | 0 | 0.00 | 0.00 |